000 00832cam a22003013a 4500
001 2070
003 PGUSA
005 20140828083010.0
008 000201s2000||||xxu|||||s|||||000 1 eng d
040 _aPGUSA
_beng
042 _adc
050 4 _aPS
100 1 _aGrey, Zane,
_d1872-1939
245 1 0 _aTo the Last Man
_h[electronic resource] /
_cZane Grey
260 _bProject Gutenberg,
_c2000
506 _aPublic domain in the USA.
516 _aElectronic text
653 _aHistorical fiction
653 _aIllegitimate children -- Fiction
653 _aCattle stealing -- Fiction
653 _aArizona -- Fiction
653 _aLove stories
653 _aWestern stories
653 _aVendetta -- Fiction
830 0 _aProject Gutenberg
_v2070
856 4 0 _uhttp://www.gutenberg.org/ebooks/2070
942 _cEB
999 _c231409
_d231409